LEADER 01193nam a2200253 i 4500 001 000000030875 003 CaOOAMICUS 005 20230127144222.0 008 180830s1761 gw u000 u lat u 040 $aSeMil$bita 100 1 $aBerti, Giovanni Lorenzo,$d<1696-1766>.$0(OLS)http://semarc/name/4497 245 10$aJoannis Laurentii Berti ... Historia ecclesiastica sive dissertationes historicae. Tomus 1. [-4.] in quo illustriores epochae exponuntur .. 250 $aEditio in Germania prima. 260 $aAugustae Vindelicorum :$bSumptibus Matthaei Rieger,$c1761. 300 $a4 v. ;$c12°. 500 $aIniz., fregi e testatine xilogr. 710 0 $aRieger, Matthäus$c.$0(OLS)http://semarc/name/14252 774 0 $tTomus 1.$g1$w()235340 774 0 $tTomus 2.$g2$w()235342 774 0 $tTomus 3.$g3$w()235341 774 0 $tTomus 4.$g4$w()235343 996 $6245$aJoannis Laurentii Berti ... Historia ecclesiastica sive dissertationes historicae. Tomus 1. [-4.] in quo illustriores epochae exponuntur ..$9(OLS)http://semarc/title/42012 996 $6260$aAugustae Vindelicorum :$bSumptibus Matthaei Rieger$9(OLS)http://semarc/publisher/38704 LEADER 01384nam a2200289 i 4500 001 000000099883 003 CaOOAMICUS 005 20170413000000.0 008 170413s1989 it u000 u ita u 013 $a72035 020 $a88-315-0139-9 040 $aSeMil$bita 245 10$aLodare Dio. Preghiere tratte dai Vangeli, dagli Atti, dalle Lettere apostoliche, dall'Apocalisse /$ca cura di Philip Law ; introduzione di Joyce Huggett ; presentazione di Carlo Ghidelli. 260 $aMilano :$bPaoline,$ccopyr. 1989. 300 $a159 p. ;$c20 cm. 490 0 $aPreghiere di tutti i tempi ;$v12 650 4$aBibbia - Preghiera.$0(OLS)http://semarc/subject/5730 700 1 $aLaw, Philip.$0(OLS)http://semarc/name/43348 700 1 $aHuggett, Joyce.$0(OLS)http://semarc/name/43349 700 1 $aGhidelli, Carlo,$c.$0(OLS)http://semarc/name/3857 830 0$aPreghiere di tutti i tempi ;$v12.$0(OLS)http://semarc/title/12788 850 $aSeMil 852 $aSeMil$W1$xVenegono$y1$m3F V 277$j57220$B57220$CSeMilBibl$Z2$F67394 $81 961 $aRecupero: Seminario di Seveso 996 $6020$a88-315-0139-9$9(OLS)http://semarc/number/272420 996 $6245$aLodare Dio. Preghiere tratte dai Vangeli, dagli Atti, dalle Lettere apostoliche, dall'Apocalisse$9(OLS)http://semarc/title/406585 996 $6260$aMilano :$bPaoline$9(OLS)http://semarc/publisher/29684